Mores, Leges, et Ritvs Omnivm Getivm, Per I. Boëmum Aubanum, Teutonicum, ex multis clarissimis rerum scriptoribus collecti. Ex Nicol. Damasceni historia excerpta quaedam ejusdem argumenti. Itidem & ex Brasiliana I. Lerij historia. Fides, religio, & mores Aethiopum, ac deploratio Lappianae gentis, Dmiano à Goës auctore. De Aethiopibus etiam nonnulla ex Ios. Scaligeri lib. VII. de Emendatione temporum. Cum Indice locuplentißimo

Signety, vinety, linky, iniciálky s ornamentálnym pozadím vo voľnom priestore na 4 a 5 r., iniciálka s ornamentálnym pozadím v rámčeku na 6 r., typografické ozdoby, rukopisné poznámky k dielu v latinčine, marginálie, kustódy

Podrobná bibliografia
Hlavný autor: Böhm, Johannes aus Aub, 1485-1535 (Autor, Dedikátor)
Korporatívny autor: Tournes, Jean de II. (Ženeva, Švajčiarsko) (Tlačiar)
Ďalší autori: Goes, Damião de 1502 - 1574 (Prispievateľ), Scaliger, Joseph Juste, 1540-1609 (Prispievateľ), Tournes, Jean de II., 1539-1615 (Tlačiar)
Médium: Kniha
Jazyk:latinčina
Fyzický popis:504, [24] s. 8° 12 x 7,5 cm
Vydavateľské údaje: [Genève] Apvd I. Tornaesivm M. D. CIIII. [=1604]
ISBN:(viaz.)
Predmet:

MARC

LEADER 00000nam a22000005a 4500
001 vtls010439366
003 SK-MaSNL
005 20260301214229.0
008 251112s1604 sz 000 0 lat
015 |a SNBHFA1604 
020 |a (viaz.) 
040 |a SNK  |b slo  |c SNK  |e AACR2 
041 0 |a lat 
044 |a sz  |c CH 
072 7 |a 39  |x Etnológia. Etnografia. Folklór  |2 konspekt 
080 |a 39  |2 2011 
100 1 |a Böhm, Johannes aus Aub,  |d 1485-1535  |4 aut  |4 dto  |9 198379 
245 1 0 |a Mores, Leges, et Ritvs Omnivm Getivm, Per I. Boëmum Aubanum, Teutonicum, ex multis clarissimis rerum scriptoribus collecti. Ex Nicol. Damasceni historia excerpta quaedam ejusdem argumenti. Itidem & ex Brasiliana I. Lerij historia. Fides, religio, & mores Aethiopum, ac deploratio Lappianae gentis, Dmiano à Goës auctore. De Aethiopibus etiam nonnulla ex Ios. Scaligeri lib. VII. de Emendatione temporum. Cum Indice locuplentißimo 
260 |a [Genève]  |b Apvd I. Tornaesivm  |c M. D. CIIII. [=1604] 
300 |a 504, [24] s.  |c 8°  |c 12 x 7,5 cm 
501 |a Príväzok 1.: GEORGIUS de Hungaria. De Turcarum Moribus Epitome, Bartholomaeo Georgieuiz Peregrino auctore. Lyon : Jean de Tournes II., 1598. 8°.  |5 SNK IE 9906 
508 |a Ded.: Böhm, Johannes aus Aub; Grimm, Sigmund 
510 4 |a WorldCat  |c 264948122 
520 |a Signety, vinety, linky, iniciálky s ornamentálnym pozadím vo voľnom priestore na 4 a 5 r., iniciálka s ornamentálnym pozadím v rámčeku na 6 r., typografické ozdoby, rukopisné poznámky k dielu v latinčine, marginálie, kustódy 
550 |a Údaje do impresa doplnené z portálu WorldCat, na titulnom liste uvedené len: Apvd I. Tornaesivm M. D. CIIII. 
562 |a Proveniencia: Ex Libris Dan. Bodo 1609 [...]. - Georgij Balnanek [?] Parochi Sobiechleb. 1677. Ex Libris Ioannij Georg. Strzedowskij mp. Anno 1710. - Ex Okrúhla pečiatka Slovenská Národná Knižnica Martin.  |5 SNK IE 9906 
650 0 7 |a etnografia  |2 SNKPH  |9 950 
700 1 |a Böhm, Johannes aus Aub,  |d 1485-1535  |4 dto  |9 198379 
700 1 |a Grimm, Sigmund,  |d asi 1480-asi 1531  |4 hnr  |9 128008 
700 1 |a Goes, Damião de  |d 1502 - 1574  |4 ctb  |9 602309 
700 1 |a Scaliger, Joseph Juste,  |d 1540-1609  |4 ctb  |9 49451 
700 1 |a Balnanek, Georgius  |4 fmo  |9 602310 
700 1 |a Tournes, Jean de  |b II.,  |d 1539-1615  |4 prt  |9 468044 
700 1 |a Bodo, Daniel  |4 fmo  |9 11526 
700 1 |a Strzedowski, Joannes Georgius  |4 fmo  |9 602311 
710 2 |a Tournes, Jean de II. (Ženeva, Švajčiarsko),  |d 1585-1615  |4 prt  |9 205636 
752 |a Švajčiarsko  |d Genève 
852 |a SNK  |p IE 9906 
958 |a ONDV 
958 |a DC 
999 |c 924087  |d 926017 
952 |a SNK  |b SNK  |y PREZ  |7 0  |p 17A1032287  |o snkIE 9906  |i snk2012/14985  |8 3  |g 1800.00  |0 0  |1 0  |4 0  |d 2012-07-30  |l 0  |r 2026-02-24 08:26:56  |w 2026-02-24